Guía para la consulta del fondo documental de la Fundación Pablo Iglesias : (Record no. 191860)

MARC details
000 -LEADER
campo de control de longitud fija 01028cam a2200253 4500
001 - NÚMERO DE CONTROL
campo de control 191860
003 - IDENTIFICADOR DE NÚMERO DE CONTROL
campo de control ES-MaACL
005 - FECHA Y HORA DE LA ÚLTIMA TRANSACCIÓN
campo de control 20250831092050.0
008 - DATOS DE LONGITUD FIJA--INFORMACIÓN GENERAL
campo de control de longitud fija 221017s1989 sp | |||| ||spa d
017 ## - NÚMERO DE COPYRIGHT O DE DEPÓSITO LEGAL
Número de copyright o de depósito legal M 42920-1988
Agencia que asigna Oficina Depósito Legal Madrid
020 ## - NÚMERO INTERNACIONAL ESTÁNDAR DEL LIBRO
Número Internacional Estándar del Libro 84-85961-36-6
080 ## - NÚMERO DE LA CLASIFICACIÓN DECIMAL UNIVERSAL
Número de la Clasificación Decimal Universal 016:061.27 Fundación Pablo Iglesias (093)
100 1# - ENTRADA PRINCIPAL--NOMBRE DE PERSONA
Nombre de persona Martín Nájera, Aurelio.
9 (RLIN) 77584
245 10 - MENCIÓN DEL TÍTULO
Título Guía para la consulta del fondo documental de la Fundación Pablo Iglesias :
Resto del título archivo, biblioteca y hemeroteca /
Mención de responsabilidad, etc. a cargo de Aurelio Martín Nájera.
250 ## - MENCION DE EDICION
Mención de edición 1ª ed.
260 ## - PUBLICACIÓN, DISTRIBUCIÓN, ETC.
Lugar de publicación, distribución, etc. Madrid :
Nombre del editor, distribuidor, etc. Editorial Pablo Iglesias,
Fecha de publicación, distribución, etc. 1989.
300 ## - DESCRIPCIÓN FÍSICA
Extensión 181 p., [8] p. de lám. :
Otras características físicas il. ;
Dimensiones 18 cm.
500 ## - NOTA GENERAL
Nota general Índice.
610 24 - PUNTO DE ACCESO ADICIONAL DE MATERIA--NOMBRE DE ENTIDAD CORPORATIVA
Nombre de entidad corporativa o nombre de jurisdicción como elemento de entrada Fundación Pablo Iglesias-
Subdivisión de forma Historia-
-- Fuentes-
-- Bibliografías
9 (RLIN) 175645
710 2# - ENTRADA AGREGADA--NOMBRE DE ENTIDAD CORPORATIVA
Nombre de entidad corporativa o nombre de jurisdicción como elemento de entrada Fundación Pablo Iglesias.
Unidad subordinada Archivo y Biblioteca
9 (RLIN) 4375
852 4# - LOCALIZACIÓN
Ubicación ES-MaACL
Número de control de estantería A-15098
itemnumber 199142
Ubicación en estantería Depósito 1
Signatura antigua Olim: 016 FPI MAR
Donativo/Legado Donación: Editorial
942 ## - ELEMENTOS DE ENTRADA SECUNDARIOS (KOHA)
Fuente del sistema de clasificación o colocación Clasificación decimal universal
Holdings
Estatus retirado Estado de pérdida Fuente del sistema de clasificación o colocación Estado de daño No para préstamo Biblioteca de origen Biblioteca actual Ubicación en estantería Fecha de adquisición Fuente de adquisición Total de préstamos Signatura topográfica completa Código de barras Visto por última vez Precio de reemplazo Tipo de ítem Koha
    Clasificación decimal universal     Biblioteca del Ateneo de Madrid Biblioteca del Ateneo de Madrid Depósito 1 17/10/2022 Donación   A-15098 1204322 23/02/2023 23/02/2023 Libro impreso